[Event "POR-chT 1st Divison 2018"]
[Site "Maia"]
[Date "2018.07.17"]
[Round "3"]
[White "Iturrizaga Bonelli, Eduardo"]
[Black "Cuenca Jimenez, Jose Fernando"]
[Result "1/2-1/2"]
[WhiteElo "2652"]
[BlackElo "2513"]
[Annotator "TA"]
[PlyCount "76"]
[EventDate "2018.07.16"]
[EventType "team-tourn"]
[EventCountry "POR"]
[SourceTitle "playchess.com"]
[Source "ChessBase"]
[SourceQuality "1"]

{[%evp 20,76,18,0,16,0,0,0,0,0,0,-43,-37,-52,-7,-44,-8,-20,-22,-24,0,-12,1,-12,30,0,22,-18,0,0,0,-9,-16,-7,0,0,0,0,0,-13,0,-62,-62,-81,-8,-119,-108,-114,-109,-85,-75,-137,-115,-116,-93,-88,0,-289,-258]} 1. c4 e6 2. g3 d5 3. Bg2 Nf6 4. Nf3 Be7 5. O-O O-O 6. b3 c5 7. Bb2 d4 8. e3 Nc6 9. exd4 cxd4 10. Re1 Ng4 {A14: English Opening: 1...e6 with b3 by White} (10... Ne8 11. Ne5 Nxe5 12. Rxe5 f6 13. Re1 e5 14. Ba3 Bxa3 15. Nxa3 Rb8 16. b4 Nc7 17. d3 b6 18. Qa4 a6 {½-½ (56) Petrosian,T (2609)-Eljanov,P (2700) Sharjah 2018}) 11. d3 {LiveBook: 3 Games} Rb8 $146 ({Predecessor:} 11... f6 12. a3 a5 13. Bc1 Qe8 14. Ra2 Kh8 15. Rae2 Qh5 16. h3 Nh6 17. g4 Qf7 18. Nbd2 {1-0 (54) Arutinian,D (2527)-Smirnov,P (2589) Yerevan 2017}) 12. Nbd2 f6 {The position is equal.} 13. a3 a5 14. Rc1 e5 15. Nh4 Kh8 16. Bd5 Bc5 17. Ng2 Ne7 18. Bf3 $1 {[%cal Rf3g4]} Nh6 19. Ne4 Ba7 20. b4 Nf7 21. Qd2 h6 22. Qe2 Bd7 23. h4 Qc7 24. Nd2 Rbe8 25. c5 axb4 26. axb4 f5 27. Nc4 {[%cal Rc4e5]} Bb8 28. Qd2 Bc6 29. Bh5 Nd5 30. Na5 (30. f4 $1 $11) 30... Nf6 $15 31. Bg6 Bd7 (31... f4 $1 $17 {aiming for ...Bd5.} 32. Nxc6 bxc6) 32. b5 (32. f3 $1 $11 {was the only way to keep the balance.}) 32... Bxb5 $17 33. Bxf5 {[#]} Bd7 $1 $36 {[%cal Rd7f5,Bb5d7,Bd7g4,Bg4f3][%mdl 2080] Keeping White busy.} 34. Bg6 Bg4 35. Ba3 (35. Rf1 $142) 35... Bf3 36. c6 bxc6 37. Bxf8 Rxf8 (37... Qd7 $17 {( -> ...Qh3)} 38. Kh2 (38. Bxf7 {gets mated.} Qh3 39. Qxh6+ gxh6 40. Bg7+ Kxg7 41. Bxe8 Qxg2#) 38... Rxf8) 38. Qb4 $2 {[%mdl 8192] [#]} (38. Bf5 $11 {and White has nothing to worry.}) 38... Qc8 $1 {[%mdl 32768] Precision: White = 39%, Black = 59%. . An unexpected result.} 1/2-1/2

[Event "POR-chT 1st Divison 2018"]
[Site "Maia"]
[Date "2018.07.18"]
[Round "3"]
[White "Gargatagli, Hipolito Asis"]
[Black "Ferreira, Jorge"]
[Result "0-1"]
[WhiteElo "2538"]
[BlackElo "2522"]
[Annotator "TA"]
[PlyCount "78"]
[EventDate "2018.07.16"]
[EventType "team-tourn"]
[EventCountry "POR"]
[SourceTitle "playchess.com"]
[Source "ChessBase"]
[SourceQuality "1"]

{[%evp 24,78,11,0,27,2,20,16,9,9,10,9,12,8,16,0,0,0,0,0,0,0,0,-64,-60,-97,-118,-95,-58,-125,-116,-125,-110,-127,-127,-170,-137,-140,-69,-54,0,-147,-131,-157,-93,-84,-6,-5,-5,-225,-217,-503,-492,-485,-477,-454,-334]} 1. e4 e5 2. Nf3 Nf6 3. Nc3 Nc6 4. d4 exd4 5. Nxd4 Bb4 6. Nxc6 bxc6 7. Bd3 d5 8. exd5 O-O 9. O-O cxd5 10. h3 {C47: Schottisches Vierspringerspiel} (10. Bg5 c6 11. Qf3 Bd6 12. Rae1 Rb8 13. Nd1 h6 14. Bxf6 Qxf6 15. Qxf6 gxf6 16. b3 Be6 17. Ne3 Bb4 18. Rd1 Rfe8 19. Nf5 Bxf5 20. Bxf5 Re5 21. f4 {½-½ (30) Wei,Y (2734)-Yu,Y (2759) Hangzhou 2018}) 10... c6 11. Qf3 Re8 12. Bf4 Qe7 13. Ne2 {LiveBook: 4 Partien} Bd7 14. Rad1 Bd6 $146 ({Vorgänger:} 14... Ne4 15. a3 Bc5 16. c4 a5 17. Ng3 Nxg3 18. Qxg3 {½-½ (51) Friedel,J (2547)-Ni,S (2426) Saint Louis 2017}) 15. c4 a5 16. cxd5 cxd5 17. Bxd6 Qxd6 18. Nc3 Bc6 {Und weiter mit ...d4 wäre nett.} 19. Nb5 Bxb5 20. Bxb5 Re4 {[%cal Be8e4,Be4a4,Ba4b4][%mdl 32]} 21. a4 Qe5 22. Rd2 Rc8 23. g3 (23. Rd3 $11) 23... h5 {[%cal Bh7h5,Bh5h4][%mdl 32]} 24. Bd3 Rxa4 25. Re2 Qg5 26. Rfe1 (26. Kg2 $15) 26... Rc1 $1 $17 27. Kg2 {Weiss will mit Te8+! Matt setzen.} Rxe1 28. Rxe1 h4 29. g4 Rb4 30. Ra1 a4 {[#]} (30... g6 $17 31. Rxa5 Rxb2) 31. b3 $1 $15 {[%mdl 512]} Nh5 (31... g6 $15 32. Rxa4 Rxb3) (31... axb3 32. Ra8+) 32. Kf1 {[#]} (32. Rxa4 $11 Nf4+ 33. Kg1 Rxa4 34. bxa4) 32... Nf4 $1 $17 ({Nicht} 32... Rxb3 $2 33. gxh5 Qd2 34. Rd1 $18) 33. Qe3 {[%cal Re3e8] [#]} Qd8 (33... g6 $142 $1 34. Rxa4 Rxa4 35. bxa4 Qf6) 34. bxa4 g5 ({Bitte nicht} 34... Nxd3 $6 35. Qxd3 Qf6 36. Rd1 $11) (34... g6 $17 35. Rb1 Rxa4) 35. a5 $11 Qf6 $36 {[%mdl 2048] Weiss steht unter Druck.} ({Viel schlechter ist} 35... Nxd3 $6 36. Qxd3 Qf6 37. Ra2 $16) 36. Rd1 $2 (36. Ra3 $1 $11) 36... Kg7 $19 {zielt auf ...Tb3 ab.} 37. Bc2 $2 (37. Rb1 Ra4 38. Rb8 Nxd3 39. Qxd3) 37... Rb2 {Schwarz steht klar auf Gewinn.} 38. Bf5 Ra2 39. Qb6 Qc3 {Precision: Weiß = 44%, Schwarz = 55%.} 0-1

[Event "POR-chT 1st Divison 2018"]
[Site "Maia"]
[Date "2018.07.17"]
[Round "3"]
[White "Kantans, Toms"]
[Black "Novais, Carlos Joao Fernand"]
[Result "1-0"]
[WhiteElo "2529"]
[BlackElo "2121"]
[Annotator "TA"]
[PlyCount "105"]
[EventDate "2018.07.16"]
[EventType "team-tourn"]
[EventCountry "POR"]
[SourceTitle "playchess.com"]
[Source "ChessBase"]
[SourceQuality "1"]

{[%evp 24,105,45,52,47,58,67,62,52,0,0,0,0,-1,0,0,15,15,51,39,62,31,29,44,64,27,37,0,54,0,29,25,68,52,87,83,82,79,103,70,123,94,161,158,174,153,229,208,297,297,294,269,300,297,314,312,315,310,302,301,366,365,586,571,704,547,887,813,976,959,1339,489,1442,1035,854,498,726,779,758,756,699,556,824,816]} 1. e4 e6 2. d4 d5 3. Nd2 c5 4. Ngf3 cxd4 5. Nxd4 Nc6 6. Bb5 Bd7 7. Nxc6 Bxc6 8. Bxc6+ bxc6 9. c4 Nf6 10. Qa4 {C07: French Tarrasch: 3...c5, 4 Ngf3 and 4 exd5 Qxd5} Qd7 (10... Qb6 11. cxd5 exd5 12. O-O Be7 13. exd5 Nxd5 14. Nc4 Qb5 15. Qc2 O-O 16. Bd2 Bf6 17. Rab1 Rfd8 {½-½ (60) Wen,Y (2596)-Xu,Y (2536) Tianjin 2018}) 11. e5 Ng4 12. Nf3 Rb8 13. a3 {LiveBook: 3 Games} c5 14. Qc2 Be7 15. O-O $146 ({Predecessor:} 15. h3 Nh6 16. Bxh6 gxh6 17. O-O O-O {½-½ (39) Kuzmin,A (2440)-Kholmov,R (2430) Moscow 1987}) 15... O-O 16. Rd1 (16. h3 $14 Nh6 17. Bxh6 gxh6 18. Qd2) 16... f6 $1 $11 {[%cal Rf6e5]} 17. exf6 Nxf6 18. Bf4 Bd6 19. Bg3 Rfe8 20. Re1 Ne4 21. Rad1 {Hoping for Rxe4.} Bxg3 22. Rxe4 Bd6 $1 23. Re2 d4 24. Ng5 g6 25. Rd3 Re7 ({Black should try} 25... Be7 $11 26. Ne4 a5) 26. Ne4 ({White should play} 26. Rf3 $14) 26... Rf8 {[#]} 27. b4 $1 {[%cal Bb2b4,Bb4b5][%mdl 544]} Qc7 (27... cxb4 28. g3) 28. g3 Qc6 29. b5 $36 {[%mdl 2048] White has strong initiative.} (29. bxc5 $6 Bxc5 30. Rb3 Ref7 $11) 29... Qb6 30. a4 a5 31. Qd2 Rd7 (31... e5 $14) 32. f4 Be7 (32... Bc7 $16) 33. Qe1 $18 Kf7 34. Rf3 {[%cal Bd3f3,Bf3f1,Bf1e1][%mdl 32]} Ke8 (34... Qb7 $16 {was called for.} 35. Rff2 (35. Qxa5 d3 $11) 35... Rdd8) 35. Nf2 Rd6 (35... Kf7 $142 36. Nd3 Bf6) 36. Nd3 Bf6 37. Qf1 Kd8 38. Qh3 Rf7 39. Rf1 Kc7 40. Rfe1 {[%cal Re2e6]} Re7 41. Qg4 Kd8 42. h4 {[%cal Bh2h4,Bh4h5][%mdl 32]} Ke8 $2 (42... Kc8 {was worth a try.} 43. h5 gxh5 44. Qxh5 Kb8) 43. h5 {White is clearly winning.} Kf7 44. Rh2 Kg7 45. Kf2 Rd8 46. hxg6 hxg6 {[#]} 47. Rh5 (47. Rh6 $142 $3 {[%mdl 512]} Kxh6 48. Ne5 Bxe5 49. Qh4+ Kg7 50. Qxe7+ Kg8 51. Rxe5) 47... Rc8 (47... Qd6 $142 48. Kg2 (48. Nxc5 d3 $11) 48... Rde8 49. Rxc5 Rh8) 48. Reh1 {Rh7+ would kill now.} Rg8 49. Rxc5 Rc7 (49... Qd6 $142 50. Kg2 Qb8) 50. Rxc7+ Qxc7 51. Qxe6 Qb7 52. Qd5 Qe7 53. Re1 {Precision: White = 72%, Black = 28%.} 1-0

[Event "POR-chT 1st Divison 2018"]
[Site "Maia"]
[Date "2018.07.17"]
[Round "3"]
[White "Korneev, Oleg"]
[Black "Guerreiro, Nuno"]
[Result "1-0"]
[WhiteElo "2506"]
[BlackElo "2050"]
[Annotator "TA"]
[PlyCount "42"]
[EventDate "2018.07.16"]
[EventType "team-tourn"]
[EventCountry "POR"]
[SourceTitle "playchess.com"]
[Source "ChessBase"]
[SourceQuality "1"]

{[%evp 18,42,150,153,223,231,240,240,238,228,277,275,336,336,340,329,324,320,372,383,472,451,439,412,502,383,768]} 1. e4 c5 2. Nf3 g6 3. d4 cxd4 4. Nxd4 Nf6 5. Nc3 Nc6 6. Nxc6 bxc6 7. e5 {[%cal Be4e5,Be5e6][%mdl 32]} Nd5 8. Nxd5 {B34: Sicilian: Accelerated Dragon with 5 Nc3: sidelines} cxd5 9. Qxd5 Rb8 10. e6 $1 {[%csl Gd5][%cal Re6f7] LiveBook: 3 Games. White is clearly better.} ({Don't do} 10. Bc4 e6 $16) 10... f6 {[#]} (10... Bg7 $16) 11. Bf4 $1 $18 {[%cal Rf4b8]} Rb6 {[#]} 12. O-O-O $1 Rxe6 13. Bb5 {Black must now prevent Qxe6.} Kf7 14. Bc4 $146 {Qxe6+! is the strong threat.} ({Predecessor:} 14. Qc4 Qb6 15. Rxd7 Ba6 {1-0 (49) Stefansson,H (2395)-Hjartarson,B (2125) Reykjavik 1988}) 14... Bg7 15. Qc5 Qb6 16. Qxb6 axb6 17. a4 ({Don't play} 17. Bxe6+ $6 dxe6 18. Be3 Bb7 $18) 17... f5 18. Rhe1 Kf6 19. Bxe6 dxe6 20. Bc7 Bb7 21. f3 e5 $2 {Precision: White = 100%, Black = 17%.} (21... Bh6+ 22. Kb1 Ra8) 1-0

[Event "POR-chT 1st Divison 2018"]
[Site "Maia"]
[Date "2018.07.17"]
[Round "3"]
[White "Oratovsky, Michael"]
[Black "Neves, Pedro"]
[Result "1-0"]
[WhiteElo "2474"]
[BlackElo "2236"]
[Annotator "TA"]
[PlyCount "113"]
[EventDate "2018.07.16"]
[EventType "team-tourn"]
[EventCountry "POR"]
[SourceTitle "playchess.com"]
[Source "ChessBase"]
[SourceQuality "1"]

{[%evp 18,113,0,-26,26,28,26,27,31,27,45,39,47,34,39,34,51,39,105,11,116,0,0,0,93,62,181,180,205,187,181,88,88,78,114,98,116,81,193,194,206,239,215,186,511,510,549,519,488,364,360,364,350,335,336,360,354,327,344,351,358,354,329,333,381,383,376,377,368,365,390,360,527,505,641,618,633,615,29973,29974,29973,29973,29984,29985,29985,29986,29986,29987,29987,29988,29988,29989,29989,29988,29988,29989,29990,29991]} 1. e4 c5 2. Nf3 e6 3. g3 Nc6 4. Bg2 Nf6 5. d3 d5 6. Nbd2 Be7 7. O-O b6 8. Re1 Bb7 9. c3 Qc7 10. Nf1 {LiveBook: 78 Games} Rd8 {C00: French: Unusual White 2nd moves} (10... d4 $142) (10... dxe4 11. dxe4 Rd8 12. Qe2 Qc8 13. e5 Ba6 14. Qe3 Nd7 15. Qe4 Nf8 16. Ng5 Bb7 17. Qf4 Bxg5 18. Qxg5 Ng6 19. h4 O-O {1-0 (64) Carlsen,M (2853)-Nakamura,H (2787) chess.com INT 2016}) 11. Bf4 $11 Qc8 {[#] ...dxe4 is the strong threat.} 12. e5 Nd7 {White has an edge.} 13. d4 $146 ({Predecessor:} 13. h4 Qc7 14. Ne3 Nf8 15. h5 h6 16. c4 d4 17. Ng4 Nh7 18. a3 {1-0 (55) Seeman,T (2384)-Volodin,A (2509) Finland 2013}) 13... Ba6 14. a3 h6 15. h4 Na5 16. Ne3 Nb8 17. Rb1 Qd7 (17... Nc4 $14) 18. h5 (18. Nf5 $16 Kf8 19. Nxe7) 18... Rc8 (18... Nc4 $11 {keeps the balance.}) 19. Bh3 (19. dxc5 $16 bxc5 20. Nd2) 19... Nc4 $1 20. Nc2 cxd4 (20... Na5 $11 {remains equal.}) 21. Nfxd4 Nc6 {[#]} ({Black should try} 21... O-O $14) 22. Nxc6 $1 $18 Rxc6 23. Qg4 Kf8 24. Nd4 (24. b3 $18 {and White stays clearly on top.}) 24... Rc7 $16 25. Qf3 Ke8 26. Bf1 {And now b3 would win.} Qc8 27. Bd3 Bc5 (27... Na5 $16 {might work better.}) 28. Qe2 $18 Bxd4 29. cxd4 Bb7 30. Rbc1 a5 $2 (30... Rc6 {is more resistant.} 31. b3 Na5) 31. b3 Nxa3 32. Rxc7 Qxc7 33. Qb2 Nc4 34. bxc4 dxc4 35. Qb5+ Qc6 36. Bxc4 Ke7 {[%csl Gb7][%cal Rc6h1]} 37. Qxc6 Bxc6 38. Rb1 Rb8 39. Bb5 Bxb5 40. Rxb5 {[%mdl 4096] Endgame KRB-KR} Kd7 41. d5 a4 42. Bc1 exd5 43. Rxd5+ Kc6 44. Rd4 Kb5 (44... b5 $142 45. Ba3 Kb6) 45. Ba3 Rc8 46. Rd7 Kc4 {If only Black now had time for ...Kb3....} 47. Rxf7 Kb3 48. Rf3+ {White mates.} Ka2 49. e6 Rc6 50. e7 Re6 51. Re3 Rxe3 52. fxe3 Kxa3 53. e8=Q Kb4 54. Qe7+ Kb3 55. Qe6+ Kc3 56. Qxb6 a3 57. Qd4+ {Precision: White = 67%, Black = 35%.} 1-0

[Event "POR-chT 1st Divison 2018"]
[Site "Maia"]
[Date "2018.07.17"]
[Round "3"]
[White "Kaczur, Florian"]
[Black "Eggert, Alberto"]
[Result "1-0"]
[WhiteElo "2471"]
[BlackElo "2142"]
[Annotator "TA"]
[PlyCount "89"]
[EventDate "2018.07.16"]
[EventType "team-tourn"]
[EventCountry "POR"]
[SourceTitle "playchess.com"]
[Source "ChessBase"]
[SourceQuality "1"]

{[%evp 11,89,26,37,35,35,6,59,49,54,54,44,48,57,43,47,46,75,55,63,72,70,64,81,74,80,78,109,74,76,81,140,138,137,107,100,90,167,166,173,171,168,164,180,180,183,185,191,185,181,174,194,209,202,133,118,109,116,116,116,116,116,95,98,67,88,62,63,66,67,67,58,25,68,67,69,54,238,231,238,210]} 1. e4 e5 2. Nf3 Nc6 3. Bb5 d6 4. O-O Bd7 5. d4 exd4 6. Nxd4 Be7 {LiveBook: 3 Games} 7. c4 {C62: Ruy Lopez: Steinitz Defence} Nf6 8. Nc3 a6 ({Black should play} 8... Nxd4 $11 9. Qxd4 O-O) (8... O-O 9. Re1 Re8 10. Bxc6 bxc6 11. Qf3 Qc8 12. h3 Qa6 13. b3 Qa5 14. Bb2 Qh5 {1-0 (50) Corrales Jimenez,F (2653)-Bryant,J (2415) Middleton 2013}) 9. Bxc6 {White is slightly better.} bxc6 10. Qf3 $146 ({Predecessor:} 10. h3 O-O 11. b3 c5 12. Nde2 Bc6 13. Ng3 g6 14. Bb2 Nd7 15. f4 {1-0 (25) Sevo,D (2280)-Petkovic,R (2319) Yugoslavia 2000}) 10... O-O 11. h3 c5 12. Nf5 Bxf5 13. exf5 Rb8 14. Re1 Nd7 15. b3 Bf6 16. Bd2 Ne5 17. Qe4 Nd7 18. Rad1 Bd4 19. Qf3 Ne5 20. Qg3 $1 Re8 (20... f6 $142) 21. Nd5 $16 {aiming for Bh6.} Kh8 22. Ba5 Rc8 23. Kh1 $40 {[%mdl 128] White goes for the king.} Qd7 (23... Rg8 $16) 24. Nxc7 $18 Rxc7 25. Bxc7 Qxc7 26. f4 f6 27. fxe5 dxe5 28. b4 Qb6 29. bxc5 Qxc5 {With the idea ...Bf2.} 30. Qd3 Rc8 31. Rb1 h6 32. Rb7 Qxc4 33. Qg3 {[%csl Gb7][%cal Rg3g7]} Rc7 34. Rb8+ Rc8 35. Reb1 Qc7 36. Rxc8+ ({And not} 36. R8b7 Qxb7 $1 {[%mdl 512]} 37. Rxb7 Rc1+ 38. Kh2 Bg1+ 39. Kh1 Bf2+ 40. Kh2 Bxg3+ 41. Kxg3 Rc3+ 42. Kh2 Ra3 $19) 36... Qxc8 $16 {[%mdl 4096] Endgame KQR-KQB} 37. Qg6 Ba7 38. Rd1 Bd4 39. Qh5 Qc2 40. a3 a5 41. Re1 Bf2 42. Qe2 Qc5 $1 43. Rb1 Bd4 $2 {[#]} ({Better is} 43... Kh7 $14) 44. Qb5 $1 $18 {[%cal Rb5e8] Threatens to win with Qe8+.} Qe7 45. Qxa5 {Precision: White = 71%, Black = 48%.} 1-0

[Event "POR-chT 1st Divison 2018"]
[Site "Maia"]
[Date "2018.07.18"]
[Round "3"]
[White "Prithu, Gupta"]
[Black "Alshameary Puente, Ismael"]
[Result "1/2-1/2"]
[WhiteElo "2436"]
[BlackElo "2352"]
[Annotator "TA"]
[PlyCount "238"]
[EventDate "2018.07.16"]
[EventType "team-tourn"]
[EventCountry "POR"]
[SourceTitle "playchess.com"]
[Source "ChessBase"]
[SourceQuality "1"]

{[%evp 11,238,12,26,26,35,8,28,19,16,-25,21,17,21,21,27,21,25,17,30,18,20,14,14,29,15,23,31,20,9,14,28,29,29,21,35,23,57,10,10,11,16,10,14,10,113,116,116,118,129,124,122,122,122,116,124,124,124,105,122,122,122,105,122,122,123,123,123,123,122,122,122,79,79,79,79,79,79,79,79,79,122,122,122,122,122,122,122,122,122,122,122,122,122,122,122,122,122,0,122,122,122,122,122,122,122,122,122,35,122,122,122,0,122,122,122,122,122,8,122,122,122,122,122,49,122,122,123,0,130,130,122,130,130,130,130,122,122,122,122,35,122,122,122,122,122,122,122,104,125,130,122,0,122,0,130,0,122,0,125,0,133,0,0,0,0,0,0,0,0,0,0,0,0,0,0,0,0,0,0,0,0,0,0,0,0,0,0,0,0,0,0,0,0,0,0,0,0,0,0,0,0,0,0,0,0,0,0,0,0,0,0,0,0,0,0,0,0,0,0,0,0,0,0,0,0,0,0,0,0]} 1. Nf3 Nf6 2. c4 e6 3. g3 a6 4. Bg2 b5 5. b3 (5. d3 Bb7 6. O-O c5 7. Nc3 Qb6 8. Qb3 Bc6 9. a4 b4 10. a5 Qb7 11. Na4 d6 12. Nb6 Ra7 13. Be3 {½-½ (31) Tomashevsky,E (2714)-Van Wely,L (2670) Berlin 2018}) 5... Bb7 6. Bb2 {A13: English Opening: 1...e6} Be7 {LiveBook: 6 Games} 7. d4 $146 ({Predecessor:} 7. O-O c5 8. Nc3 b4 9. Na4 d6 10. d4 cxd4 11. Nxd4 Bxg2 12. Kxg2 Qc7 13. a3 Nc6 14. axb4 Nxb4 15. Bc3 Nc6 16. Nxc6 Qxc6+ 17. f3 O-O 18. Bd4 Nd7 {½-½ (32) Ma,Z (2489)-Liu,Y (2505) Hangzhou 2018}) 7... c5 8. dxc5 {White is slightly better.} Bxc5 9. O-O bxc4 10. Qc2 d5 11. bxc4 Nbd7 12. cxd5 Rc8 13. Qa4 Bxd5 14. Nc3 Bb7 15. Ne5 Bxg2 16. Kxg2 O-O {[%cal Bh8f8,Bf8b8,Bb8b5][%mdl 32]} 17. Nxd7 Qxd7 18. Qxa6 Ra8 19. Qb5 Qc7 $132 {[%mdl 2048] Black is not keeping still} 20. Rab1 Rfb8 21. Qd3 Qc6+ 22. Qf3 Qxf3+ 23. Kxf3 Bd4 24. Nb5 Rxb5 25. Bxd4 Rf5+ 26. Kg2 Rfa5 27. Rfc1 e5 {[#]} (27... Ra4 $11 28. Bxf6 gxf6) 28. Rc5 $1 $16 {[%cal Rc5a5]} Rxc5 29. Bxc5 {[%mdl 4096] Endgame KRB-KRN} Ne4 30. Ba7 $1 Nc3 31. Rb8+ Rxb8 32. Bxb8 Nxa2 33. Bxe5 {KB-KN} f6 34. Bd6 Nc3 35. Kf3 Kf7 36. e4 Nb5 37. Bc5 Nc7 38. Ke3 Ne6 39. Bd6 g6 40. f4 f5 41. exf5 gxf5 42. Kd3 Nd8 43. Kd4 Ke6 44. Bf8 Nc6+ 45. Kc4 Kf7 46. Kd5 Nd8 47. Bb4 Kg6 48. Kd6 Nf7+ 49. Ke7 Nh6 50. h3 Ng8+ 51. Ke6 h5 52. Be7 Nh6 53. Bg5 {[#] Strongly threatening Bxh6.} Nf7 54. Be7 Nh6 55. Bf6 Nf7 56. Ke7 Nh6 {...Ng8+ is the strong threat.} 57. Bd4 Nf7 58. Bc5 Nh6 59. Bd6 (59. Ke6 $16) 59... Nf7 (59... Ng8+ $1 $14 60. Ke6 Nf6) 60. Bb4 Nh6 61. Ke6 (61. Kd6 $16) 61... Nf7 (61... Ng8 $11 {remains equal.}) 62. Ba3 Nh6 63. Bf8 Nf7 64. Kd7 (64. Bc5 $16) 64... Nh8 (64... h4 $1 $11) 65. Ba3 Nf7 66. Bc1 Nh6 67. Be3 (67. Ke6 $16) 67... Nf7 (67... Ng8 $1 $14) 68. Ke7 Nh6 69. Bd4 Nf7 70. Bb6 Nh6 71. Ke6 Nf7 72. Ba5 Nh6 73. Bd8 Nf7 74. Kd7 Nh6 75. Ba5 ({Better is} 75. Kc6 $16) 75... Nf7 (75... Ng8 $1 $14) 76. Bc3 Nh6 77. Bd4 Nf7 78. Ke6 Nh6 79. Ba7 Nf7 80. Ke7 Nh6 81. Bd4 Nf7 82. Bf6 Nh6 $1 {[%cal Rh6g8]} 83. Ke6 Nf7 84. Be7 Nh6 85. Bg5 Nf7 86. h4 ({White should try} 86. Bf6 $16) 86... Nh8 $11 {The position is equal.} 87. Bf6 Nf7 88. Bg5 Nh8 89. Ke5 Nf7+ 90. Kd5 Nh8 91. Kd6 {Hoping for Ke5.} Nf7+ 92. Ke7 Nh8 93. Ke6 Nf7 94. Kd7 Nh8 95. Kd6 {aiming for Ke5.} Nf7+ 96. Kc7 Nh8 97. Kd8 Nf7+ 98. Ke7 Nh8 99. Kd6 {Threatens to win with Ke5.} Nf7+ 100. Kd5 Nh8 101. Kc6 Nf7 102. Kc7 Nh8 103. Kc8 Nf7 104. Kd7 Nh8 105. Be7 {And now Bf8 would win.} Nf7 106. Bf8 Nh8 107. Ke6 Nf7 108. Kd5 Nh8 109. Kd6 {Black must now prevent Ke6.} Nf7+ 110. Kd5 Kf6 111. Kc5 Kg6 112. Kc6 Kf6 113. Kd7 Kg6 114. Ke8 Kf6 115. Be7+ Kg6 116. Bf8 Kf6 117. Bc5 Nh6 118. Bd4+ Kg6 119. Ke7 Ng4 {Precision: White = 56%, Black = 72%.} 1/2-1/2

[Event "POR-chT 1st Divison 2018"]
[Site "Maia"]
[Date "2018.07.17"]
[Round "3"]
[White "Larino Nieto, David"]
[Black "Vavulin, Maksim"]
[Result "1-0"]
[WhiteElo "2423"]
[BlackElo "2552"]
[Annotator "TA"]
[PlyCount "69"]
[EventDate "2018.07.16"]
[EventType "team-tourn"]
[EventCountry "POR"]
[SourceTitle "playchess.com"]
[Source "ChessBase"]
[SourceQuality "1"]

{[%evp 9,69,-43,8,11,-6,6,0,14,10,-4,31,41,62,39,58,50,91,88,107,74,173,173,177,173,236,214,202,177,157,177,148,116,184,160,309,308,322,316,393,366,419,410,431,339,435,431,499,489,1005,1022,1006,997,1520,1524,29992,2039,29993,29994,29995,29996,29996,29997]} 1. g3 e5 2. Nf3 d6 3. Nc3 (3. Bg2 f5 4. O-O Nf6 5. c4 Be7 6. Nc3 O-O 7. d3 c6 8. Rb1 Na6 9. b4 Nc7 10. a4 a6 11. a5 Kh8 12. Na4 Be6 13. Nb6 Rb8 14. Bb2 f4 15. Qc2 Qe8 16. c5 Qh5 17. cxd6 Bxd6 {0-1 (58) Pantsulaia,L (2612)-Adhiban,B (2655) Riadh 2017}) 3... f5 4. d4 $146 ({Predecessor:} 4. Bg2 Nc6 5. d3 Nf6 6. O-O Be7 7. e4 O-O 8. Ng5 h6 9. Nh3 fxe4 10. dxe4 Be6 {½-½ (22) Sereinig,E (2205)-Demuth,M (2230) Austria 1998}) 4... e4 5. Bg5 Qd7 ({Black should play} 5... Be7 $15 6. Bxe7 Qxe7) 6. Nh4 $11 {A04: Unusual lines after 1 Nf3 and King's Indian Attack} Qf7 7. d5 h6 8. Be3 {The position is equal.} g5 9. Ng2 Nf6 10. h4 Rg8 11. hxg5 hxg5 12. Qd2 $36 {[%mdl 2048] White has the initiative.} Qg7 13. O-O-O Nbd7 14. Bd4 c5 (14... Ne5 $16) 15. dxc6 $1 $18 bxc6 16. Ne3 Qg6 (16... Nb6 $142 17. Bh3 g4) 17. Nc4 d5 18. Na5 Ng4 19. f3 Nh6 20. Na4 Nf7 (20... Qd6 $16) 21. Qc3 Nd8 (21... Ba6 $16 22. fxe4 (22. Qxc6 Qxc6 23. Nxc6 Bb5 $17) 22... fxe4) 22. fxe4 fxe4 23. e3 Qd6 24. a3 Rg6 25. Be2 g4 26. b4 Nf7 27. Rdf1 Bh6 28. Rh5 Bf8 (28... Ng5 $142 29. Bxg4 Qxg3) 29. Rhf5 Nh6 {[#]} 30. Rxf8+ $1 {[%mdl 512]} Nxf8 (30... Qxf8 31. Rxf8+) 31. Bc5 Qxg3 32. Rxf8+ Kd7 33. Qh8 {White mates.} Kc7 {[#]} 34. Rxc8+ $1 {[%mdl 512]} Rxc8 35. Qh7+ {Precision: White = 95%, Black = 31%.} 1-0

[Event "POR-chT 1st Divison 2018"]
[Site "Maia"]
[Date "2018.07.17"]
[Round "3"]
[White "Pereira, Ruben"]
[Black "Nagy, Gabor"]
[Result "1/2-1/2"]
[WhiteElo "2420"]
[BlackElo "2474"]
[Annotator "TA"]
[PlyCount "53"]
[EventDate "2018.07.16"]
[EventType "team-tourn"]
[EventCountry "POR"]
[SourceTitle "playchess.com"]
[Source "ChessBase"]
[SourceQuality "1"]

{[%evp 23,53,11,17,29,33,-2,-2,-3,10,0,6,-16,0,-4,0,0,8,0,0,0,0,0,0,0,0,0,2,0,0,0,0,0]} 1. e3 Nf6 2. Nf3 g6 3. b3 Bg7 4. Bb2 O-O 5. Be2 d6 6. d4 c5 7. O-O Nc6 8. c4 cxd4 9. Nxd4 Bd7 10. Nc3 a6 11. Rc1 {A35: Symmetrical English: 2 Nc3 Nc6 3 Nf3} Qa5 12. a3 Rfc8 {LiveBook: 3 Games} 13. b4 {[%cal Bb3b4,Bb4b5][%mdl 32]} Qd8 14. Nxc6 $146 ({Predecessor:} 14. Qb3 Rab8 15. Rfd1 Nxd4 16. exd4 b5 17. c5 Qc7 18. Bf3 e6 {½-½ (36) Katanic Vujic,P (2320)-Milanovic,D (2510) Bar 2008}) 14... Bxc6 {The position is equal.} 15. Qb3 Bd7 16. Bf3 Rc7 17. Rfd1 Qe8 18. b5 Rb8 19. a4 Be6 20. Nd5 Bxd5 21. cxd5 Rxc1 22. Rxc1 axb5 23. axb5 Nd7 {Threatens to win with ...Nc5.} 24. Ba3 h5 25. Bb4 Rc8 26. Rxc8 Qxc8 27. Be2 {Precision: White = 73%, Black = 56%.} 1/2-1/2